|
|
|
|
| LEADER |
00000nab a2200000 a 4500 |
| 001 |
vtls008946690 |
| 003 |
SK-MaSNL |
| 005 |
20260318121508.0 |
| 008 |
070216c1967 xo wr 000 c0ukr |
| 015 |
|
|
|a SNBRA2007/02
|
| 038 |
|
|
|a SVKPOCL
|
| 040 |
|
|
|a SVKPO
|b slo
|c SVKPO
|e AACR2
|
| 041 |
0 |
|
|a ukr
|b eng
|b ger
|
| 044 |
|
|
|a xo
|c SK
|
| 080 |
|
|
|a 005.91:82-6
|2 2001
|
| 080 |
|
|
|a 82-6
|2 2001
|
| 080 |
|
|
|a 32
|2 2001
|
| 080 |
|
|
|a 316.7
|2 2001
|
| 080 |
|
|
|a 398
|2 2001
|
| 080 |
|
|
|a 81
|2 2001
|
| 080 |
|
|
|a 025.15:82-6
|2 2001
|
| 100 |
1 |
|
|a Mušinka, Mikuláš,
|d 1936-2024
|4 aut
|9 99915
|
| 245 |
1 |
0 |
|a Korespondencija Volodymyra Hnatjuka z Ivanom Pan'kevyčem
|c Mykola Mušynka
|
| 300 |
|
|
|b Fotogr.
|
| 504 |
|
|
|a Bibliogr. odkazy
|
| 546 |
|
|
|a Res. angl., nem.
|
| 600 |
1 |
7 |
|a Hnatjuk, Volodymyr,
|d 1871-1926
|2 svkpocl
|9 355049
|
| 600 |
1 |
7 |
|a Paňkevič, Ivan,
|d 1887-1958
|2 svkpocl
|9 131986
|
| 650 |
0 |
7 |
|a kultúra
|z Zakarpatská Ukrajina (Ukrajina)
|2 svkpocl
|9 1578747
|
| 650 |
0 |
7 |
|a politika
|z Zakarpatská Ukrajina (Ukrajina)
|2 svkpocl
|9 1578748
|
| 650 |
0 |
7 |
|a etnografia
|2 svkpocl
|9 950
|
| 650 |
0 |
7 |
|a folkór
|2 svkpocl
|9 631248
|
| 650 |
0 |
7 |
|a lingvistika
|2 svkpocl
|9 860
|
| 650 |
0 |
7 |
|a literatúra
|2 svkpocl
|9 1427
|
| 650 |
0 |
7 |
|a korešpondencia
|2 svkpocl
|9 645
|
| 651 |
|
7 |
|a Zakarpatská Ukrajina
|2 svkpocl
|9 55422
|
| 655 |
|
7 |
|a štúdie
|2 svkpocl
|9 57033
|
| 773 |
0 |
|
|t Vedecký sborník Múzea ukrajinskej kultúry vo Svidníku 3. = Naukovyj zbirnyk Muzeju ukrajins'koji kul'tury v Svydnyku 3.
|d Bratislava : Slovenské pedagogické nakladateľstvo ; Prešov : Odbor ukrajinskej literatúry, 1967
|g S.127-156
|
| 852 |
|
|
|a SVKPO
|b KIS3GCP
|
| 958 |
|
|
|a UK
|
| 958 |
|
|
|a SK
|
| 958 |
|
|
|a LX
|
| 958 |
|
|
|a RN
|
| 958 |
|
|
|a UA
|
| 958 |
|
|
|a NB
|
| 999 |
|
|
|c 3226321
|d 3228251
|